000 00477nam a2200181Ia 4500
005 20240605064141.0
008 240331s9999 xx 000 0 und d
020 _a8175344156
082 _bLAW
_a344
245 0 _aLaw relating sexual harassment at the workplace
260 _aDelhi
_bUniversal Law Publishing CO.PVT.LTD
_c2004
300 _axxxix,311 p.,
650 _aLaw
650 _aSexual Harassment
650 _aWorkplace
700 _aJaising, I. ed
942 _cL
999 _c2834
_d2834